Обеспечение качества деталей при обработке резанием в автоматизированных производствах: учебник для вузов

Dades bibliogràfiques
Autor principal: Григорьев С. Н. Сергей Николаевич
Altres autors: Маслов А. Р. Андрей Руффович, Схиртладзе А. Г. Александр Георгиевич
Sumari:Изложены особенности процессов обработки резанием при изготовлении деталей в условиях автоматизированного производства (АП), включающего автоматизированное и автоматическое металлорежущее оборудование с компьютерными системами управления и развитое технологическое оснащение. Показаны основные направления развития автоматизированных процессов обработки резанием с позиции обеспечения их высокой надёжности. Освещены: современный подход к инструментальному обеспечению АП; методы повышения надёжности работы режущего инструмента; основы выбора режущего инструмента по критерию минимальной себестоимости деталей при их автоматическом производстве; методика назначения режимов обработки резанием в автоматизированных производствах. Учебник предназначен для студентов высших учебных заведений по направлению «Конструкторско-технологическое обеспечение машиностроительных производств», изучающих курс «Обработка резанием в автоматизированном производстве», а также для выполнения курсового и дипломного проектирования. Может быть полезен для инженерно-технических работников машиностроительных предприятий.
Idioma:rus
Publicat: Старый Оскол, ТНТ, 2011
Matèries:
Format: MixedMaterials Llibre
KOHA link:https://koha.lib.tpu.ru/cgi-bin/koha/opac-detail.pl?biblionumber=191058

MARC

LEADER 00000nam0a2200000 4500
001 191058
005 20231101224326.0
010 |a 9785941782529 
035 |a (RuTPU)RU\TPU\book\208300 
090 |a 191058 
100 |a 20110201d2011 m y0rusy50 ca 
101 0 |a rus 
102 |a RU 
105 |a a j 001zy 
200 1 |a Обеспечение качества деталей при обработке резанием в автоматизированных производствах  |e учебник для вузов  |f С. Н. Григорьев, А. Р. Маслов, А. Г. Схиртладзе 
210 |a Старый Оскол  |c ТНТ  |d 2011 
215 |a 412 с.  |c ил. 
320 |a Библиогр.: с. 405-411. 
330 |a Изложены особенности процессов обработки резанием при изготовлении деталей в условиях автоматизированного производства (АП), включающего автоматизированное и автоматическое металлорежущее оборудование с компьютерными системами управления и развитое технологическое оснащение. Показаны основные направления развития автоматизированных процессов обработки резанием с позиции обеспечения их высокой надёжности. Освещены: современный подход к инструментальному обеспечению АП; методы повышения надёжности работы режущего инструмента; основы выбора режущего инструмента по критерию минимальной себестоимости деталей при их автоматическом производстве; методика назначения режимов обработки резанием в автоматизированных производствах. Учебник предназначен для студентов высших учебных заведений по направлению «Конструкторско-технологическое обеспечение машиностроительных производств», изучающих курс «Обработка резанием в автоматизированном производстве», а также для выполнения курсового и дипломного проектирования. Может быть полезен для инженерно-технических работников машиностроительных предприятий. 
606 1 |a Металлорежущие станки  |x Автоматизация комплексная  |2 stltpush  |3 (RuTPU)RU\TPU\subj\42574  |9 62233 
610 1 |a автоматизированные производства 
610 1 |a инструментальное обеспечение 
610 1 |a детали 
610 1 |a обработка резанием 
610 1 |a качество 
610 1 |a технологические системы 
610 1 |a надежность 
610 1 |a режущие инструменты 
610 1 |a материалы 
610 1 |a быстрорежущие стали 
610 1 |a твердые сплавы 
610 1 |a керметы 
610 1 |a режущая керамика 
610 1 |a сверхтвердые материалы 
610 1 |a износостойкость 
610 1 |a вспомогательные инструменты 
610 1 |a диагностирование 
610 1 |a автоматическая смена 
610 1 |a режимы резания 
610 1 |a учебники 
675 |a 621.9.06-52:658.527(075.8)  |v 3 
700 1 |a Григорьев  |b С. Н.  |g Сергей Николаевич 
701 1 |a Маслов  |b А. Р.  |g Андрей Руффович 
701 1 |a Схиртладзе  |b А. Г.  |g Александр Георгиевич 
801 1 |a RU  |b 63413507  |c 20110201 
801 2 |a RU  |b 63413507  |c 20150618  |g RCR 
900 |a Управление качеством 
900 |a Резание материалов и режущий инструмент 
900 |a Современные проблемы инструментального обеспечения машиностроительных производств 
942 |c BK 
951 |b 151900 
959 |a 18/20110131  |d 2  |e 450,00  |f ЧЗТЛ:1  |f УФ:1